Biología vegetal. Conforme al programa de 1934. 5° año de humanidades
Guardado en:
| Autor principal: | |
|---|---|
| Formato: | Libro |
| Publicado: |
Santiago
Editorial Nascimento
1934
|
| Edición: | s n. |
| Catálogo: | MANES: Resultados de Búsqueda del Catálogo |
| Clasificación de libros de texto: |
|
| Etiquetas: |
Agregar Etiqueta
Sin Etiquetas, Sea el primero en etiquetar este registro!
|
| Añadido a: | 1999-11-29 |
| Cambiado en: | 2025-04-25 |
MARC
| LEADER | 00000nam a22000007a 4500 | ||
|---|---|---|---|
| 005 | 20250425101432.0 | ||
| 008 | spa | ||
| 040 | |a MGM | ||
| 100 | |9 21703 |a Ebel, Guillermo | ||
| 245 | |a Biología vegetal. Conforme al programa de 1934. 5° año de humanidades | ||
| 250 | |a s n. | ||
| 260 | |a Santiago |b Editorial Nascimento |c 1934 | ||
| 300 | |a 113 p. | ||
| 546 | |a Chile | ||
| 561 | |5 cl-MGM |3 T 581 E15b 1934 |a Chile. Museo Gabriela Mistral |k MANES | ||
| 690 | |a CN | ||
| 691 | |a SE | ||
| 942 | |2 ddc |c BK | ||
| 999 | |c 49849 |d 49849 | ||
| 999 | |c manes:49849 |d 49849 | ||